Chiesa e primato nelle lettere dei Papi del secolo VII : (Record n. 26131)
[ formato base ]
| 000 -LEADER | |
|---|---|
| fixed length control field | 01068nam a2200253 i 4500 |
| 003 - CONTROL NUMBER IDENTIFIER | |
| control field | IT-RoINE |
| 005 - DATE AND TIME OF LATEST TRANSACTION | |
| control field | 20201021094058.0 |
| 008 - FIXED-LENGTH DATA ELEMENTS--GENERAL INFORMATION | |
| fixed length control field | 020801s1971 it r 001 | ita d |
| 040 ## - CATALOGING SOURCE | |
| Original cataloging agency | SpMaUCDE |
| Transcribing agency | IT-RoINE |
| Modifying agency | IT-RoINE |
| 100 1# - MAIN ENTRY--PERSONAL NAME | |
| Personal name | Conte, Pietro, |
| 9 (RLIN) | 51572 |
| Dates associated with a name | 1931- |
| 245 10 - TITLE STATEMENT | |
| Title | Chiesa e primato nelle lettere dei Papi del secolo VII : |
| Remainder of title | con appendice critica / |
| Statement of responsibility, etc | Pietro Conte. |
| 260 ## - PUBLICATION, DISTRIBUTION, ETC. (IMPRINT) | |
| Place of publication, distribution, etc | Milano : |
| Name of publisher, distributor, etc | Vita e Pensiero, |
| Date of publication, distribution, etc | 1971. |
| 300 ## - PHYSICAL DESCRIPTION | |
| Extent | XV, 586 p. ; |
| Dimensions | 22 cm. |
| 336 ## - CONTENT TYPE | |
| Source | rdacontent |
| Content type term | text |
| 337 ## - MEDIA TYPE | |
| Source | rdamedia |
| Media type term | unmediated |
| 338 ## - CARRIER TYPE | |
| Source | rdacarrier |
| Carrier type term | volume |
| 490 1# - SERIES STATEMENT | |
| Series statement | Pubblicazioni dell'Università Cattolica del Sacro Cuore. |
| -- | Saggi e ricerche. |
| -- | Ser. 3., |
| -- | Scienze storiche ; |
| Volume number/sequential designation | 4 |
| 500 ## - GENERAL NOTE | |
| General note | Incluye índices. |
| 504 ## - BIBLIOGRAPHY, ETC. NOTE | |
| Bibliography, etc | Incluye: Fonti, regesti repertori, Bibliografia (p. 4-29) |
| 650 #4 - SUBJECT ADDED ENTRY--TOPICAL TERM | |
| Topical term or geographic name as entry element | Papas |
| General subdivision | Primacía |
| Chronological subdivision | Siglo 7o. |
| General subdivision | Fuentes |
| 9 (RLIN) | 51773 |
| 650 #4 - SUBJECT ADDED ENTRY--TOPICAL TERM | |
| 9 (RLIN) | 51740 |
| Topical term or geographic name as entry element | Papas |
| General subdivision | Historia |
| Chronological subdivision | Siglo 7o. |
| General subdivision | Fuentes |
| 830 #0 - SERIES ADDED ENTRY--UNIFORM TITLE | |
| 9 (RLIN) | 51741 |
| Uniform title | Pubblicazioni dell'Università cattolica del Sacro Cuore. |
| Name of part/section of a work | Saggi e ricerche. |
| Number of part/section of a work | Serie terza, |
| Name of part/section of a work | Scienze storiche |
| Volume number/sequential designation | 4 |
| 942 ## - ADDED ENTRY ELEMENTS (KOHA) | |
| Item type | Monografías |
| Withdrawn status | Lost status | Damaged status | Not for loan | Home library | Current library | Date acquired | Total Checkouts | Full call number | Barcode | Date last seen | Price effective from | Koha item type |
|---|---|---|---|---|---|---|---|---|---|---|---|---|
| Iglesia Nacional Española en Roma | Iglesia Nacional Española en Roma | 19/07/2018 | HIS.ECL 219 | 51753 | 19/07/2018 | 19/07/2018 | Monografías |